KOHA-Header-6

Post Cold War European Order AND South Asia (Record no. 2738)

000 -LEADER
fixed length control field 00353nam a2200145Ia 4500
003 - CONTROL NUMBER IDENTIFIER
control field OSt
005 - DATE AND TIME OF LATEST TRANSACTION
control field 20191002191542.0
008 - FIXED-LENGTH DATA ELEMENTS--GENERAL INFORMATION
fixed length control field 190902s9999||||xx |||||||||||||| ||und||
040 ## - CATALOGING SOURCE
Transcribing agency maju
100 ## - MAIN ENTRY--PERSONAL NAME
Personal name Thair,Naveed Ahmed
245 #0 - TITLE STATEMENT
Title Post Cold War European Order AND South Asia
260 ## - PUBLICATION, DISTRIBUTION, ETC. (IMPRINT)
Place of publication, distribution, etc karachi
Name of publisher, distributor, etc Europe
Date of publication, distribution, etc 1996
300 ## - PHYSICAL DESCRIPTION
Extent 193p.:
942 ## - ADDED ENTRY ELEMENTS (KOHA)
Koha item type Books
Source of classification or shelving scheme
Holdings
Withdrawn status Lost status Source of classification or shelving scheme Damaged status Not for loan Collection code Permanent Location Current Location Shelving location Date acquired Barcode Date last seen Price effective from Koha item type
          English Literature MAJU MAJU Shelf No.A14 2019-09-02 6392 2019-09-02 2019-09-02 English Literature

Powered by Koha